00450nam a2200157Ia 4500008004100000020001800041082001400059100001900073245003000092250000700122260004200129300003100171500001900202600002100221650005000242240925s9999 xx 000 0 und d a9788131717165 a006.6 AND aAndleigh, P .K 0aMultimedia Systems Design aNA aNew Delhi:bPearson Educationc,2008. axxix,651L.p.bNAfOriginal aIncludes Index aComputer Science aComputer science, information & general works